[Event "Valladolid Amateur op 4th"]
[Site "Valladolid"]
[Date "2013.08.04"]
[Round "7"]
[White "Cernuda Orejas, Victor Manuel"]
[Black "Gamboa Torres, Luis Alejandro"]
[Result "1/2-1/2"]
[WhiteElo "1978"]
[BlackElo "1829"]
[PlyCount "77"]
[EventDate "2013.08.02"]
[EventType "swiss"]
[EventRounds "7"]
[EventCountry "ESP"]
[SourceTitle "EXT 2014"]
[Source "ChessBase"]
[SourceDate "2013.11.20"]
[SourceVersion "1"]
[SourceVersionDate "2013.11.20"]
[SourceQuality "1"]

1. Nf3 Nf6 2. d4 g6 3. Bg5 Bg7 4. Bxf6 Bxf6 5. e4 0-0 6. c3 d6 7. Nbd2 Nd7 8. Bc4 e5 9. dxe5 dxe5 10. Bb3 Nc5 11. Bc2 Nd3+ 12. Bxd3 Qxd3 13. Qe2 Qxe2+ 14. Kxe2 Bg4 15. h3 Be6 16. b3 Rfd8 17. Rhd1 Rd7 18. Nf1 Rad8 19. Rxd7 Rxd7 20. Ne3 c6 21. Ng4 Bxg4 22. hxg4 Bg7 23. Rd1 Rxd1 24. Kxd1 h6 25. c4 Kf8 26. Ke2 Ke7 27. Kd3 Kd6 28. Ne1 Bf6 29. Kc3 Bd8 30. Nd3 Bb6 31. f3 Bd4+ 32. Kd2 Ke6 33. Ke2 Kf6 34. g3 Ke6 35. Ne1 Kd6 36. Nd3 b5 37. cxb5 cxb5 38. Kf1 a5 39. Ke2 1/2-1/2

[Event "Valladolid Amateur op 4th"]
[Site "Valladolid"]
[Date "2013.08.03"]
[Round "4"]
[White "Gamboa Torres, Luis Alejandro"]
[Black "Santos Martinez, Guillermo"]
[Result "1-0"]
[WhiteElo "1829"]
[BlackElo "1719"]
[PlyCount "65"]
[EventDate "2013.08.02"]
[EventType "swiss"]
[EventRounds "7"]
[EventCountry "ESP"]
[SourceTitle "EXT 2014"]
[Source "ChessBase"]
[SourceDate "2013.11.20"]
[SourceVersion "1"]
[SourceVersionDate "2013.11.20"]
[SourceQuality "1"]

1. e4 c5 2. Nf3 Nc6 3. d4 cxd4 4. Nxd4 Nf6 5. Nc3 e6 6. Be3 Bb4 7. Bd3 Qa5 8. 0-0 0-0 9. Nb3 Qd8 10. Bg5 a6 11. f4 Be7 12. Rf3 d6 13. Rg3 b5 14. Qe2 Bb7 15. Rf1 Rc8 16. e5 dxe5 17. fxe5 Ne8 18. Bxh7+ Kxh7 19. Qh5+ Kg8 20. Bf6 Bxf6 21. Rh3 Bh4 22. Rxh4 f5 23. Ne4 Qxh4 24. Qxh4 fxe4 25. Rxf8+ Kxf8 26. Nc5 Ba8 27. Nxe6+ Kg8 28. Ng5 Nxe5 29. Qh7+ Kf8 30. Qf5+ Kg8 31. Qe6+ Kh8 32. Qxc8 Bc6 33. Qh3+ 1-0

[Event "Valladolid Piolin op"]
[Site "Valladolid"]
[Date "2013.04.28"]
[Round "8"]
[White "Cernuda Orejas, Victor Manuel"]
[Black "Gamboa Torres, Luis Alejandro"]
[Result "1-0"]
[WhiteElo "1964"]
[BlackElo "1836"]
[PlyCount "139"]
[EventDate "2013.03.10"]
[EventType "swiss"]
[EventRounds "11"]
[EventCountry "ESP"]
[SourceTitle "EXT 2014"]
[Source "ChessBase"]
[SourceDate "2013.11.20"]
[SourceVersion "1"]
[SourceVersionDate "2013.11.20"]
[SourceQuality "1"]

1. Nf3 Nf6 2. g3 g6 3. d4 Bg7 4. c4 d5 5. Nc3 0-0 6. Bf4 dxc4 7. e4 c6 8. Bxc4 b5 9. Bb3 b4 10. e5 bxc3 11. exf6 exf6 12. bxc3 Bh3 13. Bc4 Re8+ 14. Kd2 Nd7 15. Qb3 Be6 16. Rae1 Nc5 17. Qb4 Bf8 18. Bc7 Qxc7 19. dxc5 Rab8 20. Qa4 Bh6+ 21. Kc2 Bf5+ 22. Bd3 Rxe1 23. Rxe1 Qb7 24. Qb4 Bxd3+ 25. Kxd3 Qd7+ 26. Qd4 Qf5+ 27. Qe4 Qxc5 28. Nd4 Rb2 29. f4 Rb6 30. Qe7 Qd5 31. Qxa7 Qd8 32. Qe7 Qd5 33. Qxf6 Bf8 34. Re8 Qd7 35. Qd8 Qxd8 36. Rxd8 c5 37. Nb3 Kg7 38. Kc4 Ra6 39. Rd2 Ra4+ 40. Kb5 Ra3 41. c4 Ra8 42. Kc6 Ra6+ 43. Kb7 Ra4 44. Rc2 Kf6 45. Kb6 Rb4+ 46. Kc6 Rb8 47. g4 h5 48. h3 hxg4 49. hxg4 g5 50. f5 Ke5 51. Rd2 Rb4 52. Rd8 Be7 53. Rd7 Kf6 54. Kd5 Ra4 55. Nxc5 Bxc5 56. Kxc5 Rxa2 57. Kb6 Rb2+ 58. Kc6 Rb4 59. Kd5 Ra4 60. Rd6+ Kg7 61. c5 Rxg4 62. c6 Ra4 63. c7 Ra5+ 64. Kc6 Ra2 65. Kd7 Rc2 66. c8Q Rxc8 67. Kxc8 g4 68. Kd7 g3 69. Ke7 f6 70. Rd3 1-0

[Event "Valladolid Social Federado Piolin"]
[Site "Valladolid"]
[Date "2012.06.07"]
[Round "8.4"]
[White "Garcia Corada, Pedro"]
[Black "Gamboa Torres, Luis Alejandro"]
[Result "1-0"]
[WhiteElo "2027"]
[BlackElo "1804"]
[PlyCount "73"]
[EventDate "2012.05.14"]
[EventType "tourn"]
[EventRounds "17"]
[EventCountry "ESP"]
[SourceTitle "EXT 2024"]
[Source "ChessBase"]
[SourceDate "2023.10.10"]
[SourceVersion "1"]
[SourceVersionDate "2023.10.10"]
[SourceQuality "1"]

1. e4 c5 2. Nf3 e6 3. d4 cxd4 4. Nxd4 Nf6 5. Bd3 Be7 6. 0-0 d6 7. c4 0-0 8. Nc3 a6 9. Kh1 Nc6 10. Be3 Qc7 11. f4 Na5 12. Qe2 g6 13. Rac1 Nc6 14. b3 Nxd4 15. Bxd4 e5 16. Be3 exf4 17. Bxf4 Be6 18. c5 Nh5 19. Be3 dxc5 20. Qf2 b6 21. b4 Qd6 22. Nd5 Bxd5 23. bxc5 bxc5 24. Bxc5 Qd7 25. Bxe7 Qxe7 26. exd5 f5 27. Rc6 Rf6 28. Re1 Qa3 29. Qd4 Rd6 30. Rxd6 Qxd6 31. Re6 Qf4 32. Qc3 Rb8 33. Re1 Qd6 34. Qc6 Qxc6 35. dxc6 Rc8 36. Rc1 a5 37. c7 1-0

[Event "Valladolid Social Federado Piolin"]
[Site "Valladolid"]
[Date "2012.05.24"]
[Round "4.2"]
[White "Gago Gonzalves, Jose Fernando"]
[Black "Gamboa Torres, Luis Alejandro"]
[Result "0-1"]
[WhiteElo "1664"]
[BlackElo "1804"]
[PlyCount "80"]
[EventDate "2012.05.14"]
[EventType "tourn"]
[EventRounds "17"]
[EventCountry "ESP"]
[SourceTitle "EXT 2024"]
[Source "ChessBase"]
[SourceDate "2023.10.10"]
[SourceVersion "1"]
[SourceVersionDate "2023.10.10"]
[SourceQuality "1"]

1. c4 Nf6 2. Nc3 g6 3. e4 d6 4. d3 Bg7 5. Be2 0-0 6. Nf3 e5 7. 0-0 h6 8. h3 Nc6 9. Bd2 Nh5 10. g4 Nf4 11. Bxf4 exf4 12. Qd2 f5 13. gxf5 gxf5 14. Kh2 fxe4 15. Nxe4 Ne5 16. Rg1 Qd7 17. Rxg7+ Kxg7 18. Ng1 f3 19. Bf1 Qe7 20. Re1 Qh4 21. Ng3 Bd7 22. Re4 Qg5 23. Qe1 h5 24. h4 Ng4+ 25. Kh1 Qxh4+ 26. Nh3 Bc6 27. Re7+ Kg6 28. d4 Nxf2+ 29. Qxf2 Qxe7 30. Bd3+ Kf7 31. Nf5 Qe1+ 32. Kh2 Qxf2+ 33. Nxf2 Kf6 34. d5 Bd7 35. Nd4 Ke5 36. Nc2 Rg8 37. Ne1 Raf8 38. b3 Kf4 39. Bf1 Ke3 40. Nh1 Rf4 0-1

[Event "Valladolid op"]
[Site "Valladolid"]
[Date "2012.03.15"]
[Round "5"]
[White "Gamboa Torres, Luis Alejandro"]
[Black "Fernandez Arias, Vicente"]
[Result "1-0"]
[WhiteElo "1840"]
[BlackElo "1797"]
[PlyCount "59"]
[EventDate "2012.02.16"]
[EventType "swiss"]
[EventRounds "7"]
[EventCountry "ESP"]
[SourceTitle "EXT 2014"]
[Source "ChessBase"]
[SourceDate "2013.11.20"]
[SourceVersion "1"]
[SourceVersionDate "2013.11.20"]
[SourceQuality "1"]

1. e4 c5 2. Nf3 e6 3. d4 cxd4 4. Nxd4 Nc6 5. c4 Bb4+ 6. Nc3 a6 7. a3 Bxc3+ 8. bxc3 Nge7 9. Bd3 0-0 10. 0-0 e5 11. Ne2 d6 12. Ng3 Be6 13. Nf5 f6 14. Qg4 Nxf5 15. exf5 Bd7 16. Re1 Ne7 17. Re3 g6 18. Rg3 Kh8 19. Rh3 Nxf5 20. Qxg6 Qe7 21. Bxf5 Bxf5 22. Qxf5 Rg8 23. Be3 Rg7 24. Rb1 b5 25. cxb5 axb5 26. Rxb5 Rxa3 27. Rb8+ Rg8 28. Rxg8+ Kxg8 29. Rg3+ Kf8 30. Qc8+ 1-0

[Event "Valladolid op"]
[Site "Valladolid"]
[Date "2012.03.08"]
[Round "4"]
[White "Gamboa Torres, Luis Alejandro"]
[Black "Martin De Aguilera del Amo, Jaim"]
[Result "0-1"]
[WhiteElo "1840"]
[BlackElo "1670"]
[PlyCount "88"]
[EventDate "2012.02.16"]
[EventType "swiss"]
[EventRounds "7"]
[EventCountry "ESP"]
[SourceTitle "EXT 2014"]
[Source "ChessBase"]
[SourceDate "2013.11.20"]
[SourceVersion "1"]
[SourceVersionDate "2013.11.20"]
[SourceQuality "1"]

1. e4 c5 2. Nf3 Nc6 3. d4 cxd4 4. Nxd4 Nf6 5. Nc3 a6 6. Bc4 e6 7. Nxc6 bxc6 8. e5 Nd5 9. Bxd5 cxd5 10. 0-0 Be7 11. Qg4 g6 12. Bh6 Qb6 13. Na4 Qc7 14. Qe2 d6 15. f4 Bd7 16. Nc3 Rg8 17. Kh1 Qb7 18. Rae1 Bc6 19. b3 Rc8 20. a4 Rc7 21. Nd1 g5 22. f5 dxe5 23. fxe6 f6 24. Qh5+ Rg6 25. Bg7 Bb4 26. Bxf6 Bxe1 27. Rxe1 d4 28. Re2 Bxg2+ 29. Rxg2 Rxc2 30. Qg4 Rxf6 31. Kg1 Rxg2+ 32. Qxg2 Qxg2+ 33. Kxg2 Ke7 34. Nb2 Kxe6 35. Nc4 Kd5 36. a5 d3 37. Ne3+ Kd4 38. Nd1 e4 39. b4 e3 40. b5 axb5 41. h4 gxh4 42. a6 Rxa6 43. Kf3 Rf6+ 44. Kg2 e2 0-1